| 000 -LEADER |
| fixed length control field |
02319cam a2200397 i 4500 |
| 001 - CONTROL NUMBER |
| control field |
19855954 |
| 003 - CONTROL NUMBER IDENTIFIER |
| control field |
NUST |
| 005 - DATE AND TIME OF LATEST TRANSACTION |
| control field |
20240217170804.0 |
| 008 - FIXED-LENGTH DATA ELEMENTS--GENERAL INFORMATION |
| fixed length control field |
170731r20171915nyu 001 0 eng |
| 010 ## - LIBRARY OF CONGRESS CONTROL NUMBER |
| LC control number |
2017035893 |
| 020 ## - INTERNATIONAL STANDARD BOOK NUMBER |
| International Standard Book Number |
9781945186486 |
| 038 ## - RECORD CONTENT LICENSOR |
| Staff Name |
azhar |
| 040 ## - CATALOGING SOURCE |
| Original cataloging agency |
DLC |
| Language of cataloging |
eng |
| Transcribing agency |
DLC |
| Description conventions |
rda |
| Modifying agency |
DLC |
| 042 ## - AUTHENTICATION CODE |
| Authentication code |
pcc |
| 050 00 - LIBRARY OF CONGRESS CALL NUMBER |
| Classification number |
PN4121 |
| Item number |
.C248 2017 |
| 082 00 - DEWEY DECIMAL CLASSIFICATION NUMBER |
| Classification number |
808.51 |
| Edition number |
23 |
| Author Mark |
CAR |
| 084 ## - OTHER CLASSIFICATION NUMBER |
| Classification number |
SEL021000 |
| -- |
SEL031000 |
| Number source |
bisacsh |
| 100 1# - MAIN ENTRY--PERSONAL NAME |
| Personal name |
Carnegie, Dale, |
| Dates associated with a name |
1888-1955, |
| Relator term |
author. |
| 9 (RLIN) |
85974 |
| 245 14 - TITLE STATEMENT |
| Title |
The art of public speaking : the original tool for improving public oration/ |
| Statement of responsibility, etc. |
Dale Carnegie, |
| 260 ## - PUBLICATION, DISTRIBUTION, ETC. |
| Place of publication, distribution, etc. |
New York: |
| Name of publisher, distributor, etc. |
Clydesdale press; |
| Date of publication, distribution, etc. |
2018. |
| 300 ## - PHYSICAL DESCRIPTION |
| Extent |
444 pages ; |
| Dimensions |
22 cm |
| 336 ## - CONTENT TYPE |
| Content type term |
text |
| Content type code |
txt |
| Source |
rdacontent |
| 337 ## - MEDIA TYPE |
| Media type term |
unmediated |
| Media type code |
n |
| Source |
rdamedia |
| 338 ## - CARRIER TYPE |
| Carrier type term |
volume |
| Carrier type code |
nc |
| Source |
rdacarrier |
| 500 ## - GENERAL NOTE |
| General note |
Includes index. |
| 520 ## - SUMMARY, ETC. |
| Summary, etc. |
"A pioneer in the field of self-help, Dale Carnegie distilled his experiences as a salesman and lecturer in his first guide to successful speech-making, The Art of Public Speaking. This predecessor to his bestseller, How to Win Friends and Influence People, was co-written with J. B. Esenwein. Its direct, practical advice for emphasizing ideas for easy comprehension and high impact ranges from finding an appropriate rhythm to conquering stage fright. Avoiding the use of tricks and shortcuts, the authors suggest methods for developing one's thoughts in order to form an original, authentic manner of speaking. They advise speakers to practice their presentation skills, offering useful tips for speech-making in both personal and professional situations. First published in 1915, this classic continues to encourage people from all walks of life to overcome their self-consciousness and increase their effectiveness and comfort as public speakers"-- |
| Assigning source |
Provided by publisher. |
| 563 ## - BINDING INFORMATION |
| Binding note |
PB |
| 650 #0 - SUBJECT ADDED ENTRY--TOPICAL TERM |
| Topical term or geographic name entry element |
Public speaking. |
| 9 (RLIN) |
30004 |
| 650 #0 - SUBJECT ADDED ENTRY--TOPICAL TERM |
| Topical term or geographic name entry element |
Oratory. |
| 650 #7 - SUBJECT ADDED ENTRY--TOPICAL TERM |
| Topical term or geographic name entry element |
SELF-HELP / Motivational & Inspirational. |
| Source of heading or term |
bisacsh |
| 9 (RLIN) |
120673 |
| 650 #7 - SUBJECT ADDED ENTRY--TOPICAL TERM |
| Topical term or geographic name entry element |
SELF-HELP / Personal Growth / General. |
| Source of heading or term |
bisacsh |
| 9 (RLIN) |
120674 |
| 700 1# - ADDED ENTRY--PERSONAL NAME |
| Personal name |
Esenwein, J. Berg |
| Fuller form of name |
(Joseph Berg), |
| Dates associated with a name |
1867-1946, |
| Relator term |
author. |
| 9 (RLIN) |
120675 |
| 906 ## - LOCAL DATA ELEMENT F, LDF (RLIN) |
| a |
7 |
| b |
cbc |
| c |
orignew |
| d |
1 |
| e |
ecip |
| f |
20 |
| g |
y-gencatlg |
| 942 ## - ADDED ENTRY ELEMENTS (KOHA) |
| Source of classification or shelving scheme |
|
| Koha item type |
Book |